000
00305nam a22001217a 4500
008
170622b xxu||||| |||| 00| 0 eng d
041
_a
eng
080
_a
328
100
_a
21
101
_a
SHP
245
_a
THE GOVERNMENT PROCESS POLITICAL INTERES AND PUBLIC OPINION
_c
TRUMAN.D.B
942
_2
udc
_c
BK
999
_c
18819
_d
18819